Normal view
MARC view
- Mustafa, Muhammad
Entry Personal Name
001 - CONTROL NUMBER
- control field: 112152
003 - CONTROL NUMBER IDENTIFIER
- control field: NUST
005 - DATE AND TIME OF LATEST TRANSACTION
- control field: 20230505110537.0
008 - FIXED-LENGTH DATA ELEMENTS
- fixed length control field: 230505|| aca||aabn | a|a d
040 ## - CATALOGING SOURCE
- Original cataloging agency: NUST
- Transcribing agency: NUST
100 ## - HEADING--PERSONAL NAME
- Personal name: Mustafa, Muhammad
670 ## - SOURCE DATA FOUND
- Source citation: Work cat.: (NUST): Mustafa, Muhammad, An Efficient Phishing URLs Detection Approach Using Supervised Machine Learning
